000 00797nam a2200229Ia 4500
003 GCL
008 140319s9999 xx 000 0 ara d
040 _aGCL /
_cGCL
082 0 4 _a813.03
_bا ط
100 1 _aفيصل دراج
245 1 0 _aطيور الحذر :
_bرواية /
_cفيصل دراج
700 1 _aابراهيم نصرالله
260 _aالقاهرة :
_bالهيئة العامة لقصور الثقافة ،
_c1999
300 _a334 ص ؛
_c20 سم
490 _aافاق الكتابة
_v34
650 0 4 _aالادب العربى
650 0 4 _aالقصص العربية
650 0 4 _aالقصص العربية - مصر
650 0 4 _aالادب العربى - مصر
650 0 4 _aالادب العربى - تاريخ - العصر الحديث
942 _2ddc
_cBK
999 _c30994
_d30994